000
00301nam a22001337a 4500
008
170525b xxu||||| |||| 00| 0 eng d
020
_a
0906048389
041
_a
eng
080
_a
519.857
100
_a
26
101
_a
IM
245
_a
MODELLING OF DYNAMICALL SYSTEM
_c
NICHOLSON,H
942
_2
udc
_c
BK
999
_c
14215
_d
14215